| 000 | 00578nam a2200193Ia 4500 | ||
|---|---|---|---|
| 003 | GCL | ||
| 008 | 140319s9999 xx 000 0 ara d | ||
| 020 | _a?175429977 | ||
| 040 |
_aGCL / _cGCL |
||
| 082 | 0 | 4 |
_aق _b811.009 _bف ا |
| 100 | 1 | _aفكرى حسن | |
| 245 | 1 | 0 |
_aاشعار فى مصر القديمة / _cفكرى حسن |
| 250 | _aالاولى | ||
| 260 |
_aالقاهرة : _bالحضارة للنشر ، _c1999 |
||
| 300 |
_a127 ص ؛ _c10 سم |
||
| 650 | 0 | 4 | _aالشعر - دواوين و قصائد |
| 650 | 0 | 4 | _aالشعر - مجموعات |
| 942 |
_2ddc _cBK |
||
| 999 |
_c5081 _d5081 |
||